| 000 | 00000nam##2200000za#4500 |
| 001 | 9.643336 |
| 003 | CaOODSP |
| 005 | 20210624224124 |
| 007 | cr ||||||||||| |
| 008 | 150407|1989||||xxc|||||o f|0| 0 fre|d |
| 040 | |aCaOODSP|bfre |
| 043 | |an-cn--- |
| 086 | 1 |aA15-1836/1989F-PDF |
| 110 | 1 |aCanada.|bAgriculture Canada. |bDirection générale de recherche. |
| 245 | 10|aManutention de produits agricoles. Transporteurs de liquides / |h[ressource électronique]|cpar Normand Rousseau (rédacteur-éditeur), Rhonda Birenbaum (rédactrice à la pige) et L. Heslop (conseiller scientifique pour les recherches sous contrat). |
| 260 | |aOttawa - Ontario : |bAgriculture Canada. |c1989. |
| 300 | |a56p.|bfigures, graphiques, tableaux |
| 500 | |aPublication historique numérisée par Agriculture et Agroalimentaire Canada. -- «Cette section a été préparée par UMA Engineering Ltd. de Winnipeg (Man.) pour le Comité canadien du génie rural qui fait partie du Comité de coordination des services agricoles du Canada.»--p. 7 de 56. |
| 504 | |aBibliographie. |
| 590 | |a14-11-Supp|b2014-05-21 |
| 691 | 07|aTechnologie agricole|2gcpds |
| 775 | 08|tHandling agricultural materials. Liquid conveyors |w(CaOODSP)9.699346 |
| 856 | 40|ahttp://publications.gc.ca|qPDF|s3.4 Mo|uhttps://publications.gc.ca/collections/collection_2014/aac-aafc/agrhist/A15-1836-1989-fra.pdf |
| 986 | |a1836/F |